Normal view
MARC view
- ELECTRONIC WARFARE
Entry Topical Term
001 - CONTROL NUMBER
- control field: 58140
003 - CONTROL NUMBER IDENTIFIER
- control field: NUST
005 - DATE AND TIME OF LATEST TRANSACTION
- control field: 20210628202051.0
008 - FIXED-LENGTH DATA ELEMENTS
- fixed length control field: 210628|| aca||aabn | a|a d
040 ## - CATALOGING SOURCE
- Original cataloging agency: NUST
- Transcribing agency: NUST
150 ## - HEADING--TOPICAL TERM
- Topical term or geographic name entry element: ELECTRONIC WARFARE
670 ## - SOURCE DATA FOUND
- Source citation: Work cat.: (NUST): Adamy, David.L 58139, Ew 101, a first course in electronic warfare, 2001
